| 000 | 00694nam a2200229Ia 4500 | ||
|---|---|---|---|
| 003 | GCL | ||
| 008 | 140319s9999 xx 000 0 ara d | ||
| 040 |
_aGCL / _cGCL |
||
| 082 | 0 | 4 |
_a741.5 _bم ن |
| 100 | 1 | _aرضوى عاشور | |
| 245 | 1 | 0 |
_aناجى العلى فى القاهرة / _cرضوى عاشور |
| 700 | 1 | _aمحيى الدين اللباد | |
| 260 |
_a[S.N] : _bدار المستقبل العربى ، _c1987 |
||
| 300 | _a164 ص | ||
| 490 | _a | ||
| 650 | 0 | 4 | _aالنزاع العربى الاسرائيلى |
| 650 | 0 | 4 | _aفلسطين |
| 650 | 0 | 4 | _aالكاريكاتير |
| 650 | 0 | 4 | _aالفنانون العرب |
| 650 | 0 | 4 | _aناجى العلى |
| 942 |
_2ddc _cBK |
||
| 999 |
_c36334 _d36334 |
||